000 00640nam a2200205 4500
003 OSt
005 20240704072941.0
006 a
008 240704b |||||||| |||| 00| 0 eng d
020 _a0194238147
040 _aDWCL-Main lib.
_cOC
082 _aCirc. 428 M113t 1992
100 _aMckay, Sandra Lee
245 _aTeaching English overseas : an introduction /
260 _aOxford:
_bOxford University Press,
_cc1992.
300 _axi,
_b155 p. ;
_c25 cm.
504 _aIncludes bibliographical references & index.
650 _a1. English Language - study and teaching - foreign speakers.
942 _2ddc
_n0
_cBK-CIRC
_kCirc.
999 _c1963
_d1963